[Event "MrDodgy Invitational 3"]
[Site "chess24.com INT"]
[Date "2022.11.30"]
[Round "3.4"]
[White "Alexander Grischuk"]
[Black "Daniil Dubov"]
[Result "1/2-1/2"]
[EventDate "2022.11.27"]
[WhiteElo "2745"]
[BlackElo "2708"]
[PlyCount "76"]

1. Nf3 Nf6 2. g3 g6 3. c4 b6 4. d4 Bg7 5. Nc3 Bb7 6. d5 Na6 7. e4 Nc5 8. e5 Nfe4 9. Nxe4 Nxe4 10. Bg2 O-O 11. O-O a5 12. Re1 Nc5 13. h4 h5 14. Bg5 f6 15. exf6 exf6 16. Bf4 d6 17. Nd4 Re8 18. Ne6 Nxe6 19. dxe6 Bxg2 20. Kxg2 Re7 21. Qf3 Qf8 22. Re2 Rae8 23. Rae1 f5 24. Bg5 Bf6 25. Qd3 Kh7 26. f4 a4 27. b4 axb3 28. axb3 Ra8 29. Kh3 Bxg5 30. hxg5 Qe8 31. Qd5 Ra5 32. Qd4 Ra3 33. b4 Ra4 34. b5 Ra3 35. Qf6 Ra4 36. Qd4 Ra3 37. Qf6 Ra4 38. Qd4 1/2-1/2

[Event "MrDodgy Invitational 3"]
[Site "chess24.com INT"]
[Date "2022.11.30"]
[Round "3.5"]
[White "Daniil Dubov"]
[Black "Alexander Grischuk"]
[Result "1-0"]
[EventDate "2022.11.27"]
[WhiteElo "2708"]
[BlackElo "2745"]
[PlyCount "98"]

1. d4 Nf6 2. Nf3 d5 3. c4 e6 4. g3 Be7 5. Bg2 O-O 6. O-O dxc4 7. Qc2 a6 8. Rd1 b5 9. Ne5 Nd5 10. b3 cxb3 11. axb3 Bb7 12. Ba3 Bd6 13. Nd3 Nd7 14. e4 Bxa3 15. Rxa3 N5f6 16. Nd2 Qe7 17. b4 Rac8 18. Qc3 Rfd8 19. Re1 h5 20. Nb3 h4 21. Nbc5 Nxc5 22. Nxc5 Ba8 23. Rxa6 hxg3 24. hxg3 Ng4 25. f3 Nf6 26. Kf2 Rd6 27. Rea1 Qd8 28. Nb3 e5 29. dxe5 Rd3 30. Qc2 Bxe4 31. fxe4 Ng4+ 32. Kg1 Rxg3 33. e6 fxe6 34. Qc6 Ne3 35. Qxe6+ Kh8 36. Kf2 Qh4 37. Qxc8+ Kh7 38. Rh1 Rxg2+ 39. Kxe3 Rg3+ 40. Kd4 Qxh1 41. Qf5+ g6 42. Qf7+ Kh6 43. Qf8+ Kg5 44. Qf6+ Kg4 45. Qxg6+ Kf3 46. Qf5+ Ke2 47. Ra2+ Kd1 48. Rd2+ Ke1 49. Qf2# 1-0

[Event "MrDodgy Invitational 3"]
[Site "chess24.com INT"]
[Date "2022.11.30"]
[Round "3.6"]
[White "Alexander Grischuk"]
[Black "Daniil Dubov"]
[Result "0-1"]
[EventDate "2022.11.27"]
[WhiteElo "2745"]
[BlackElo "2708"]
[PlyCount "146"]

1. Nf3 d5 2. g3 g6 3. Bg2 Bg7 4. O-O Nf6 5. c4 c6 6. b3 O-O 7. Bb2 Bg4 8. d3 Bxf3 9. Bxf3 e6 10. e3 Nbd7 11. Qc2 h5 12. Nd2 Re8 13. b4 a6 14. a4 Rc8 15. Qb3 h4 16. Rfd1 Nh7 17. d4 Qg5 18. b5 Ndf6 19. bxa6 bxa6 20. Ba3 Ng4 21. Bd6 hxg3 22. hxg3 Qh5 23. Bxg4 Qxg4 24. Kg2 Ng5 25. Rh1 dxc4 26. Qxc4 Ne4 27. Nxe4 Qxe4+ 28. Kg1 g5 29. Rc1 Red8 30. Be7 Rd5 31. Qc2 Qxc2 32. Rxc2 g4 33. Kg2 e5 34. dxe5 Rxe5 35. Bc5 Re4 36. a5 Ra4 37. Bb6 c5 38. Rh5 c4 39. Rg5 f5 40. Bd4 Rc7 41. Rxf5 Bxd4 42. exd4 c3 43. Rg5+ Kf7 44. Rxg4 Rb4 45. Rf4+ Ke7 46. Rf3 Rb3 47. Re3+ Kd6 48. g4 Kd5 49. g5 Kxd4 50. g6 Rb2 51. Rc1 c2 52. g7 Rxg7+ 53. Kf3 Rc7 54. Ke2 Kc4 55. Kd2 Kb4 56. Re4+ Kb3 57. Re3+ Ka2 58. Rd3 Rc6 59. f4 Rc5 60. f5 Rxf5 61. Ke3 Re5+ 62. Kd2 Rxa5 63. Rc3 Rd5+ 64. Ke3 Rdb5 65. R3xc2 Rb3+ 66. Ke4 Rxc2 67. Rxc2+ Rb2 68. Rc5 Rb4+ 69. Kf5 Ra4 70. Ke6 Rb4 71. Kd7 Rb5 72. Rc6 Rc5 73. Kc8 a5 0-1

[Event "MrDodgy Invitational 3"]
[Site "chess24.com INT"]
[Date "2022.11.30"]
[Round "3.7"]
[White "Daniil Dubov"]
[Black "Alexander Grischuk"]
[Result "1/2-1/2"]
[EventDate "2022.11.27"]
[WhiteElo "2708"]
[BlackElo "2745"]
[PlyCount "78"]

1. d4 Nf6 2. Nf3 d5 3. c4 e6 4. g3 Be7 5. Bg2 O-O 6. O-O dxc4 7. Qc2 a6 8. a4 Bd7 9. Qxc4 Bc6 10. Bg5 Bd5 11. Qc2 Be4 12. Qc1 Nc6 13. e3 Bb4 14. Bxf6 Qxf6 15. Nbd2 Bxd2 16. Nxd2 Bxg2 17. Kxg2 Rfd8 18. Ne4 Qf5 19. Nc3 Nb4 20. Qb1 Qa5 21. Qe4 Nd5 22. Rfc1 Rac8 23. Qf3 Qb4 24. Ne4 b6 25. a5 h6 26. g4 Qxb2 27. axb6 cxb6 28. Rxc8 Rxc8 29. Rxa6 Rf8 30. Ra7 Qb4 31. h4 f5 32. gxf5 exf5 33. Ng5 Qd6 34. Nh3 Qe6 35. Rb7 Rf7 36. Rb8+ Rf8 37. Rb7 Rf7 38. Rb8+ Rf8 39. Rb7 1/2-1/2

[Event "MrDodgy Invitational 3"]
[Site "chess24.com INT"]
[Date "2022.11.30"]
[Round "3.8"]
[White "Alexander Grischuk"]
[Black "Daniil Dubov"]
[Result "0-1"]
[EventDate "2022.11.27"]
[WhiteElo "2745"]
[BlackElo "2708"]
[PlyCount "130"]

1. e4 c5 2. Nf3 Nc6 3. Bb5 e6 4. O-O Nge7 5. Re1 a6 6. Bf1 b6 7. c3 d5 8. exd5 Nxd5 9. d4 cxd4 10. Nxd4 Bb7 11. Bc4 Nxd4 12. Qxd4 Bc5 13. Qg4 Qf6 14. Qg3 h5 15. h4 Qf5 16. Nd2 Nf4 17. Ne4 Bxe4 18. Bxf4 O-O 19. Re2 Rad8 20. Rae1 Bd3 21. Re5 Qg4 22. Bxd3 Qxg3 23. Bxg3 Rxd3 24. Kf1 Bd6 25. R5e3 Rxe3 26. Rxe3 Bxg3 27. Rxg3 Rd8 28. Ke2 Kf8 29. Rd3 Ke7 30. Rxd8 Kxd8 31. f4 Kd7 32. Kd3 Kd6 33. Kd4 f6 34. c4 Kc6 35. b4 Kd6 36. Ke4 Kc6 37. Kf3 a5 38. a3 axb4 39. axb4 Kd6 40. g4 g6 41. g5 f5 42. Ke3 e5 43. fxe5+ Kxe5 44. Kd3 f4 45. Ke2 Kd4 46. Kf3 Kxc4 47. Kxf4 Kd5 48. Ke3 b5 49. Kf3 Kc4 50. Ke4 Kxb4 51. Ke5 Kc5 52. Kf6 b4 53. Kxg6 b3 54. Kh6 b2 55. g6 b1=Q 56. g7 Qc1+ 57. Kh7 Qc2+ 58. Kh8 Qc3 59. Kh7 Qd3+ 60. Kh8 Qd4 61. Kh7 Qe4+ 62. Kh8 Qxh4 63. Kh7 Qe4+ 64. Kh6 Qg4 65. Kh7 Qxg7+ 0-1

[Event "MrDodgy Invitational 3"]
[Site "chess24.com INT"]
[Date "2022.11.30"]
[Round "3.9"]
[White "Daniil Dubov"]
[Black "Alexander Grischuk"]
[Result "1/2-1/2"]
[EventDate "2022.11.27"]
[WhiteElo "2708"]
[BlackElo "2745"]
[PlyCount "132"]

1. d4 Nf6 2. Nf3 d5 3. c4 e6 4. g3 Be7 5. Bg2 O-O 6. O-O dxc4 7. Qc2 a6 8. a4 Bd7 9. Rd1 Bc6 10. Bg5 b5 11. Bxf6 Bxf6 12. Nc3 Qe8 13. h4 g6 14. h5 Nd7 15. e4 Bg7 16. d5 exd5 17. exd5 Bb7 18. axb5 Nc5 19. Re1 Qd8 20. bxa6 Rxa6 21. Rxa6 Bxa6 22. Qd2 Nd3 23. Ra1 Bb7 24. h6 Bh8 25. Ra7 Bxd5 26. Nxd5 Qxd5 27. Rxc7 Bxb2 28. Qc2 Bf6 29. Nd2 Qd8 30. Rxc4 Ne1 31. Qa2 Nxg2 32. Kxg2 Bg5 33. Nf3 Bxh6 34. Rc6 Bg7 35. Qc4 Qe7 36. Rc7 Qf6 37. Qd5 Rd8 38. Qc4 Qf5 39. Ng5 Rf8 40. Rc5 Qf6 41. Ne4 Qe7 42. Rc7 Qe5 43. Rd7 h6 44. Nd6 Qf6 45. Qd5 h5 46. Ne4 Qb2 47. Ng5 Qf6 48. f4 h4 49. Ne4 Qb2+ 50. Kh3 hxg3 51. Nxg3 Qb6 52. f5 Qf6 53. Ne4 Qxf5+ 54. Qxf5 gxf5 55. Nd6 Be5 56. Nxf5 Kh7 57. Kg4 Kg6 58. Rb7 Rd8 59. Rb6+ f6 60. Ne7+ Kf7 61. Nf5 Rd7 62. Kh5 Rc7 63. Nh6+ Ke7 64. Nf5+ Kf7 65. Nh6+ Kg7 66. Nf5+ Kf7 1/2-1/2

[Event "MrDodgy Invitational 3"]
[Site "chess24.com INT"]
[Date "2022.11.30"]
[Round "3.10"]
[White "Alexander Grischuk"]
[Black "Daniil Dubov"]
[Result "1/2-1/2"]
[EventDate "2022.11.27"]
[WhiteElo "2745"]
[BlackElo "2708"]
[PlyCount "42"]

1. e4 c5 2. Nf3 Nc6 3. Nc3 g6 4. d4 cxd4 5. Nxd4 Bg7 6. Be3 Nf6 7. Bc4 O-O 8. Bb3 a5 9. O-O Nxd4 10. Bxd4 d6 11. Qe2 Bd7 12. a4 Bc6 13. Rad1 Nd7 14. Bxg7 Kxg7 15. Bc4 Qb6 16. b3 Qc5 17. Nd5 Rae8 18. Nf4 Nf6 19. Nd5 Nd7 20. Nf4 Nf6 21. Nd5 Nd7 1/2-1/2

[Event "MrDodgy Invitational 3"]
[Site "chess24.com INT"]
[Date "2022.11.30"]
[Round "3.11"]
[White "Daniil Dubov"]
[Black "Alexander Grischuk"]
[Result "1-0"]
[EventDate "2022.11.27"]
[WhiteElo "2708"]
[BlackElo "2745"]
[PlyCount "60"]

1. d4 Nf6 2. Nf3 d5 3. c4 e6 4. g3 Be7 5. Bg2 O-O 6. O-O dxc4 7. Qc2 a6 8. Qxc4 b5 9. Qc2 Bb7 10. Bd2 Be4 11. Qc1 c6 12. e3 Nbd7 13. Nc3 Bg6 14. Nh4 Bh5 15. Qe1 Rc8 16. Ne2 Nd5 17. Ba5 Qe8 18. e4 N5b6 19. Nf4 Bg6 20. Nhxg6 hxg6 21. b3 c5 22. d5 exd5 23. e5 g5 24. Nxd5 Nxd5 25. Bxd5 Bd8 26. e6 fxe6 27. Qxe6+ Kh7 28. Qh3+ Kg6 29. Rae1 Ne5 30. Qxc8 1-0

[Event "MrDodgy Invitational 3"]
[Site "chess24.com INT"]
[Date "2022.11.30"]
[Round "3.12"]
[White "Alexander Grischuk"]
[Black "Daniil Dubov"]
[Result "0-1"]
[EventDate "2022.11.27"]
[WhiteElo "2745"]
[BlackElo "2708"]
[PlyCount "60"]

1. e4 c5 2. Nf3 Nc6 3. Nc3 g6 4. d4 cxd4 5. Nxd4 Bg7 6. Be3 Nf6 7. Bc4 O-O 8. Bb3 a5 9. O-O Nxd4 10. Bxd4 d6 11. Qe2 Bd7 12. Rad1 Bc6 13. a4 Nd7 14. Bxg7 Kxg7 15. Bd5 Qb6 16. b3 Rac8 17. Rd3 Nf6 18. Re1 Qb4 19. Bc4 Qc5 20. Qd2 Rfe8 21. Rg3 Qb4 22. Re2 Bd7 23. h3 Rc5 24. f4 Be6 25. Bxe6 fxe6 26. Ree3 Rec8 27. f5 Rxc3 28. e5 Rxe3 29. exf6+ Kxf6 30. Qxe3 Qc5 0-1

[Event "MrDodgy Invitational 3"]
[Site "chess24.com INT"]
[Date "2022.11.29"]
[Round "2.1"]
[White "Daniil Dubov"]
[Black "Rauf Mamedov"]
[Result "1-0"]
[EventDate "2022.11.27"]
[WhiteElo "2708"]
[BlackElo "2646"]
[PlyCount "128"]

1. e4 c5 2. Nf3 d6 3. d4 cxd4 4. Nxd4 Nf6 5. Nc3 g6 6. Be3 Bg7 7. f3 Nc6 8. Qd2 O-O 9. g4 Be6 10. h4 d5 11. e5 Nd7 12. Nxe6 fxe6 13. f4 Ndxe5 14. fxe5 d4 15. O-O-O dxe3 16. Qxe3 Qa5 17. Bc4 Qxe5 18. Bxe6+ Kh8 19. Qxe5 Nxe5 20. h5 Bh6+ 21. Kb1 Kg7 22. Ne4 Be3 23. h6+ Kh8 24. Rd5 Nf3 25. Rd7 Rab8 26. Rxe7 Rbe8 27. Rxe8 Rxe8 28. Bd5 Nd2+ 29. Nxd2 Bxd2 30. Bxb7 Bxh6 31. c3 Bg5 32. Rh2 Kg7 33. Kc2 Rf8 34. b4 Rf4 35. Rg2 Bf6 36. Kb3 Rf1 37. c4 Be7 38. c5 Rb1+ 39. Kc4 Kf6 40. a3 Kg5 41. Kd5 Rd1+ 42. Kc6 Bf6 43. Bc8 Ra1 44. Rg3 Be5 45. Rd3 Kf4 46. Kb7 Ke4 47. Rh3 Kf4 48. c6 Rc1 49. Bd7 h5 50. gxh5 g5 51. h6 a5 52. h7 axb4 53. axb4 Rb1 54. h8=Q Bxh8 55. Rxh8 Rxb4+ 56. Kc7 Rc4 57. Rf8+ Kg3 58. Rg8 Kf4 59. Kd6 Rd4+ 60. Kc5 Rd1 61. c7 Rc1+ 62. Kd6 Rd1+ 63. Ke7 Re1+ 64. Be6 1-0

[Event "MrDodgy Invitational 3"]
[Site "chess24.com INT"]
[Date "2022.11.29"]
[Round "2.2"]
[White "Rauf Mamedov"]
[Black "Daniil Dubov"]
[Result "0-1"]
[EventDate "2022.11.27"]
[WhiteElo "2646"]
[BlackElo "2708"]
[PlyCount "86"]

1. e4 c5 2. Nf3 Nc6 3. Nc3 e5 4. Bc4 Be7 5. d3 d6 6. O-O Nf6 7. Ng5 O-O 8. f4 exf4 9. Bxf4 h6 10. Nf3 Be6 11. Nd5 Bxd5 12. exd5 Nb4 13. Bd2 Nbxd5 14. a4 Nc7 15. Nh4 d5 16. Ba2 Ne6 17. c3 Qd7 18. Nf5 Bd8 19. Qf3 Ng5 20. Qg3 Nh5 21. Qg4 Nf6 22. Qg3 Nh5 23. Qf2 Kh7 24. Rae1 Ne6 25. Qf3 g6 26. Bxh6 Re8 27. Nd6 Qxd6 28. Qxf7+ Kxh6 29. Qxe8 Neg7 30. Qh8+ Kg5 31. Qg8 Qxh2+ 32. Kxh2 Bc7+ 33. Kg1 Rxg8 34. Bxd5 Rd8 35. Bxb7 Rb8 36. Bc6 Rxb2 37. Re7 Bf4 38. Rxa7 Nf5 39. Re1 Bg3 40. Rf1 Ne3 41. Ra1 Bf2+ 42. Kh2 Ng4+ 43. Kh3 Nf4# 0-1

[Event "MrDodgy Invitational 3"]
[Site "chess24.com INT"]
[Date "2022.11.29"]
[Round "2.3"]
[White "Daniil Dubov"]
[Black "Rauf Mamedov"]
[Result "1/2-1/2"]
[EventDate "2022.11.27"]
[WhiteElo "2708"]
[BlackElo "2646"]
[PlyCount "114"]

1. e4 c5 2. Nf3 Nc6 3. Bb5 g6 4. O-O Bg7 5. c3 Nf6 6. d4 cxd4 7. Re1 O-O 8. cxd4 a6 9. Bxc6 bxc6 10. Nc3 d6 11. h3 Nd7 12. Bg5 Re8 13. Qc2 a5 14. Rad1 Nb6 15. Qc1 a4 16. Qf4 f6 17. Bh4 g5 18. Nxg5 fxg5 19. Bxg5 Be6 20. Bh6 Rf8 21. Qg5 Rf7 22. d5 cxd5 23. exd5 Bd7 24. Ne4 Kh8 25. Qh5 Qg8 26. Ng5 Raf8 27. Nxf7+ Rxf7 28. Rd3 Bf5 29. Rg3 Bg6 30. Bxg7+ Qxg7 31. Qh4 Nxd5 32. Qxa4 Qxb2 33. Rf1 Nf4 34. Re3 Kg7 35. Kh2 e5 36. Qc6 Qd4 37. a4 Nd5 38. Rg3 Nf6 39. a5 Ne4 40. Rg4 Qd3 41. Kg1 Nxf2 42. Rxf2 Qe3 43. Qxd6 Rxf2 44. Kh2 Rf1 45. a6 Qg1+ 46. Kg3 Qe3+ 47. Kh2 Qg1+ 48. Kg3 Qf2+ 49. Kh2 Qe1 50. Qe7+ Rf7 51. Qd6 Qa1 52. h4 Rf1 53. Qe7+ Kh6 54. Qg5+ Kg7 55. Qe7+ Rf7 56. Qd6 Rf1 57. Qe7+ 1/2-1/2

[Event "MrDodgy Invitational 3"]
[Site "chess24.com INT"]
[Date "2022.11.29"]
[Round "2.4"]
[White "Rauf Mamedov"]
[Black "Daniil Dubov"]
[Result "1/2-1/2"]
[EventDate "2022.11.27"]
[WhiteElo "2646"]
[BlackElo "2708"]
[PlyCount "138"]

1. Nf3 Nf6 2. g3 Nc6 3. d3 e5 4. c4 d5 5. cxd5 Nxd5 6. Bg2 Be7 7. O-O O-O 8. Nc3 Be6 9. Bd2 Qd7 10. Rc1 a5 11. Ne4 Nb6 12. Be3 Bxa2 13. b3 a4 14. bxa4 Nxa4 15. Ra1 Qe6 16. Nfg5 Qb3 17. Qxb3 Bxb3 18. Rfb1 Bd5 19. Rxb7 Nd4 20. Rxc7 Nxe2+ 21. Kf1 Bxg5 22. Nxg5 Bxg2+ 23. Kxg2 h6 24. Nf3 Nac3 25. Rxa8 Rxa8 26. Nxe5 f6 27. Ng6 Nd5 28. Rd7 Nxe3+ 29. fxe3 Ra2 30. Kf3 Ng1+ 31. Ke4 Rxh2 32. Ne7+ Kf8 33. Ng6+ Kg8 34. g4 Nh3 35. Ne7+ Kf8 36. Kf5 Re2 37. Ng6+ Ke8 38. Re7+ Kd8 39. Ke4 Ng5+ 40. Kd5 Rg2 41. Rxg7 Rxg4 42. Nf4 Kc8 43. Kc6 Kb8 44. Nd5 Rg1 45. Nxf6 Rc1+ 46. Kd5 Rc3 47. Nd7+ Kc8 48. Ne5 Ra3 49. d4 Rxe3 50. Rg6 Ra3 51. Rxh6 Ra5+ 52. Kc4 Ra4+ 53. Kc5 Ra5+ 54. Kb6 Rd5 55. Rh8+ Rd8 56. Rh6 Rxd4 57. Nc6 Re4 58. Rg6 Ne6 59. Ne7+ Kd7 60. Nd5 Kd6 61. Nc7 Rb4+ 62. Nb5+ Kd5 63. Rg8 Nd4 64. Rd8+ Ke4 65. Kc5 Rxb5+ 66. Kc4 Re5 67. Rxd4+ Kf5 68. Rd8 Re4+ 69. Kd3 Rf4 1/2-1/2

[Event "MrDodgy Invitational 3"]
[Site "chess24.com INT"]
[Date "2022.11.29"]
[Round "2.5"]
[White "Daniil Dubov"]
[Black "Rauf Mamedov"]
[Result "0-1"]
[EventDate "2022.11.27"]
[WhiteElo "2708"]
[BlackElo "2646"]
[PlyCount "144"]

1. e4 c5 2. Nf3 d6 3. d4 cxd4 4. Nxd4 Nf6 5. Nc3 g6 6. Be3 Nc6 7. f3 Bg7 8. Qd2 O-O 9. g4 Be6 10. h4 d5 11. e5 Nd7 12. Nxe6 fxe6 13. f4 Ndxe5 14. fxe5 d4 15. O-O-O dxe3 16. Qxe3 Qa5 17. Bc4 Qxe5 18. Bxe6+ Kh8 19. Qxe5 Bxe5 20. Rd7 Rab8 21. h5 gxh5 22. Rxh5 Bd6 23. Bf5 Ne5 24. Rxe7 Bxe7 25. Rxh7+ Kg8 26. Rxe7 Rfe8 27. Rc7 Kf8 28. Nd5 Nc6 29. Nf4 Re1+ 30. Kd2 Rh1 31. Ng6+ Ke8 32. Rg7 Rd8+ 33. Ke3 Rd6 34. Rxb7 Rf1 35. c3 Kd8 36. Nf4 Na5 37. Rb4 Nc6 38. Rb7 Na5 39. Rb8+ Ke7 40. b3 Nc6 41. Rb7+ Kf6 42. Nd3 Ne7 43. Be4 Rg1 44. Rxa7 Rg3+ 45. Kf4 Rgxd3 46. Bxd3 Rxd3 47. Ra6+ Kf7 48. c4 Rd4+ 49. Kf3 Ng6 50. g5 Ne5+ 51. Ke3 Rh4 52. a4 Ke7 53. a5 Kd7 54. Kd2 Nc6 55. Kc3 Kc7 56. g6 Rh3+ 57. Kb2 Rg3 58. b4 Nxb4 59. Rf6 Nd3+ 60. Kc3 Nc5+ 61. Kb4 Nd7 62. Re6 Rg1 63. a6 Rb1+ 64. Ka5 Ra1+ 65. Kb5 Rb1+ 66. Ka5 Nc5 67. g7 Rg1 68. a7 Nxe6 69. a8=Q Ra1+ 70. Kb5 Rxa8 71. c5 Rg8 72. c6 Rxg7 0-1

[Event "MrDodgy Invitational 3"]
[Site "chess24.com INT"]
[Date "2022.11.29"]
[Round "2.6"]
[White "Rauf Mamedov"]
[Black "Daniil Dubov"]
[Result "0-1"]
[EventDate "2022.11.27"]
[WhiteElo "2646"]
[BlackElo "2708"]
[PlyCount "144"]

1. Nf3 Nf6 2. g3 Nc6 3. d3 e5 4. e4 Bc5 5. Bg2 O-O 6. O-O d6 7. Nc3 h6 8. Be3 Bb6 9. h3 Be6 10. d4 exd4 11. Nxd4 Nxd4 12. Bxd4 Nd7 13. a4 Bxd4 14. Qxd4 Qf6 15. Qd2 Ne5 16. f4 Nc4 17. Qf2 c6 18. Rab1 Rfe8 19. Kh2 Bd7 20. Rfd1 d5 21. exd5 Ne3 22. Rd2 Nxg2 23. Qxg2 Re3 24. d6 Rae8 25. Rf1 h5 26. Rf3 R3e6 27. Qf2 Rxd6 28. Rxd6 Qxd6 29. Re3 Rxe3 30. Qxe3 Bf5 31. Qe8+ Kh7 32. Ne4 Bxe4 33. Qxe4+ g6 34. Qe3 a6 35. h4 Qd5 36. b3 b5 37. a5 b4 38. Qe2 Qxa5 39. Qc4 Qf5 40. Qxc6 a5 41. Kg2 Qg4 42. Kf2 Qd1 43. Qc4 Qd2+ 44. Kf3 Qd1+ 45. Ke4 Qe1+ 46. Kd5 Qxg3 47. Kc6 Kg8 48. f5 Qf3+ 49. Kb6 Qxf5 50. Ka7 Kg7 51. Qd4+ Qf6 52. Qe4 Qe6 53. Qd4+ Qf6 54. Qe4 Kh7 55. Qc4 Kg8 56. Qc8+ Kg7 57. Qc4 Qe7+ 58. Ka6 Qe6+ 59. Kxa5 Qxc4 60. bxc4 g5 61. c5 gxh4 62. c6 h3 63. c7 h2 64. c8=Q h1=Q 65. Qc4 Qf3 66. Kb5 Qf5+ 67. Qc5 Qg4 68. Qd4+ Qxd4 69. c4 Qc3 70. c5 b3 71. c6 b2 72. c7 b1=Q+ 0-1

[Event "MrDodgy Invitational 3"]
[Site "chess24.com INT"]
[Date "2022.11.29"]
[Round "2.7"]
[White "Daniil Dubov"]
[Black "Rauf Mamedov"]
[Result "1-0"]
[EventDate "2022.11.27"]
[WhiteElo "2708"]
[BlackElo "2646"]
[PlyCount "72"]

1. e4 c5 2. Nf3 g6 3. c3 Bg7 4. d4 cxd4 5. cxd4 d5 6. e5 Nc6 7. Bb5 Bg4 8. Nbd2 Bxf3 9. Bxc6+ bxc6 10. Nxf3 Qa5+ 11. Bd2 Qb6 12. O-O Nh6 13. Qc1 Ng8 14. Re1 e6 15. Re3 Ne7 16. Rb3 Qc7 17. Bh6 O-O 18. Rc3 a5 19. Bxg7 Kxg7 20. Qg5 Ng8 21. Rac1 Rac8 22. h4 h6 23. Qf4 Qb7 24. R1c2 Qe7 25. Rxc6 Rxc6 26. Rxc6 Rb8 27. Qc1 Qb4 28. Rc2 Ne7 29. Qf4 Ng8 30. g4 Qb5 31. Qe3 Ne7 32. Kg2 Rc8 33. Rxc8 Nxc8 34. Qf4 Nb6 35. h5 Nd7 36. g5 1-0

[Event "MrDodgy Invitational 3"]
[Site "chess24.com INT"]
[Date "2022.11.29"]
[Round "2.8"]
[White "Rauf Mamedov"]
[Black "Daniil Dubov"]
[Result "1-0"]
[EventDate "2022.11.27"]
[WhiteElo "2646"]
[BlackElo "2708"]
[PlyCount "84"]

1. Nf3 Nf6 2. g3 Nc6 3. Bg2 e5 4. d3 d5 5. O-O Be7 6. Nbd2 e4 7. dxe4 dxe4 8. Ng5 e3 9. fxe3 O-O 10. Nge4 Nxe4 11. Nxe4 Be6 12. Nf2 Qxd1 13. Rxd1 Nb4 14. Bd2 a5 15. Nd3 c6 16. Nf4 Nxc2 17. Rac1 Nb4 18. a3 Nd5 19. Bxd5 cxd5 20. Rc7 Bf6 21. Bc3 Bxc3 22. Rxc3 Rac8 23. Nxd5 Bxd5 24. Rxc8 Rxc8 25. Rxd5 b6 26. Rd6 Rb8 27. Kf2 Kf8 28. Rd7 b5 29. Ra7 a4 30. e4 Rc8 31. Rb7 Rc5 32. Ke3 f6 33. Kd4 Rc2 34. Rxb5 Rxe2 35. h4 Rg2 36. Kd5 h5 37. Ke6 Kg8 38. Rxh5 Rxg3 39. Ra5 Rg2 40. Rb5 Kh7 41. Kf7 Rc2 42. Rh5# 1-0

[Event "MrDodgy Invitational 3"]
[Site "chess24.com INT"]
[Date "2022.11.29"]
[Round "2.9"]
[White "Daniil Dubov"]
[Black "Rauf Mamedov"]
[Result "1/2-1/2"]
[EventDate "2022.11.27"]
[WhiteElo "2708"]
[BlackElo "2646"]
[PlyCount "110"]

1. e4 g6 2. d4 Bg7 3. Nf3 d6 4. Nc3 Nf6 5. Bc4 O-O 6. O-O Bg4 7. h3 Bxf3 8. Qxf3 Nc6 9. Qd1 Nd7 10. Be3 e5 11. dxe5 Ncxe5 12. Bb3 Nb6 13. Qe2 Ned7 14. Rad1 Qe7 15. Bd4 Bxd4 16. Rxd4 Nc5 17. Qe3 a5 18. a4 Rae8 19. Ba2 Kg7 20. Re1 f5 21. exf5 Qxe3 22. Rxe3 Rxe3 23. fxe3 Rxf5 24. Nb5 Na6 25. Bb3 Re5 26. Kf2 Re7 27. h4 Nc5 28. Nc3 h5 29. g4 hxg4 30. Rxg4 Kh6 31. Nd5 Nxd5 32. Bxd5 c6 33. Bf3 d5 34. Rf4 Kg7 35. b3 Nd7 36. Be2 Nf6 37. Bd3 Re5 38. b4 b6 39. bxa5 bxa5 40. c4 c5 41. cxd5 Nxd5 42. Rg4 Nxe3 43. Rxg6+ Kf7 44. Rg5 Nd1+ 45. Kf1 Kf6 46. Rxe5 Kxe5 47. h5 Nc3 48. h6 Kf6 49. Bc2 Nxa4 50. Bxa4 Kg6 51. Ke2 Kxh6 52. Kd3 c4+ 53. Kxc4 Kg5 54. Kb5 Kf4 55. Kxa5 1/2-1/2

[Event "MrDodgy Invitational 3"]
[Site "chess24.com INT"]
[Date "2022.11.29"]
[Round "2.10"]
[White "Rauf Mamedov"]
[Black "Daniil Dubov"]
[Result "1/2-1/2"]
[EventDate "2022.11.27"]
[WhiteElo "2646"]
[BlackElo "2708"]
[PlyCount "114"]

1. Nf3 Nf6 2. g3 Nc6 3. c4 g6 4. Bg2 Bg7 5. O-O O-O 6. d3 e6 7. e4 d5 8. cxd5 exd5 9. e5 Ne8 10. d4 f6 11. Nc3 fxe5 12. Bg5 Bf6 13. Bxf6 Qxf6 14. Nxd5 Qg7 15. Nxe5 Nxe5 16. dxe5 c6 17. Nf4 Qxe5 18. Qb3+ Kh8 19. Rfe1 Qf6 20. Rad1 Ng7 21. h4 Bg4 22. Rd2 Qf7 23. Qc3 Rae8 24. Re3 Qxa2 25. Rxe8 Rxe8 26. f3 Bc8 27. Qf6 Qa5 28. Re2 Qc5+ 29. Kh2 Rf8 30. Qg5 Qxg5 31. hxg5 Re8 32. Rd2 Ne6 33. Nxe6 Bxe6 34. Bh3 Bd5 35. f4 Kg7 36. Bg2 Rd8 37. g4 h6 38. gxh6+ Kxh6 39. Kg3 a5 40. g5+ Kg7 41. Bf3 b5 42. Re2 Kf7 43. Bg4 a4 44. Rh2 Kg8 45. f5 gxf5 46. Bxf5 b4 47. Rh4 Rb8 48. g6 c5 49. Kf4 a3 50. bxa3 bxa3 51. Ke5 a2 52. Ra4 Ra8 53. Be6+ Kg7 54. Rxa8 Bxa8 55. Bxa2 Kxg6 56. Kd6 c4 57. Bxc4 1/2-1/2

[Event "MrDodgy Invitational 3"]
[Site "chess24.com INT"]
[Date "2022.11.29"]
[Round "2.11"]
[White "Daniil Dubov"]
[Black "Rauf Mamedov"]
[Result "0-1"]
[EventDate "2022.11.27"]
[WhiteElo "2708"]
[BlackElo "2646"]
[PlyCount "100"]

1. e4 g6 2. d4 Bg7 3. Nf3 d6 4. Nc3 Nf6 5. Be2 O-O 6. O-O Nc6 7. Be3 Ng4 8. Bc1 e5 9. dxe5 Ngxe5 10. Nxe5 dxe5 11. Qxd8 Rxd8 12. Bg5 f6 13. Bc4+ Kf8 14. Be3 Nd4 15. Rac1 c6 16. a4 Ke7 17. Rfd1 Be6 18. Bxe6 Kxe6 19. Kf1 Bf8 20. Ne2 Nxc2 21. Bd2 Nd4 22. Be3 c5 23. Nc3 b6 24. Nd5 Rxd5 25. exd5+ Kxd5 26. f3 a6 27. Kf2 b5 28. axb5 axb5 29. Ra1 Rd8 30. Ra7 h5 31. b3 Bd6 32. Ra5 Rb8 33. Ra6 h4 34. g4 g5 35. h3 c4 36. bxc4+ bxc4 37. Ra2 c3 38. Ke1 Kc4 39. Ra4+ Bb4 40. Kf2 Kb3 41. Ra6 c2 42. Rf1 Be7 43. Ra7 Bc5 44. Rc7 Rb5 45. Rf7 Kc3 46. Rxf6 Rb1 47. Kg2 Ne6 48. Bc1 Nf4+ 49. Kh2 Nd3 50. Rc6 Kc4 0-1

[Event "MrDodgy Invitational 3"]
[Site "chess24.com INT"]
[Date "2022.11.29"]
[Round "2.12"]
[White "Rauf Mamedov"]
[Black "Daniil Dubov"]
[Result "1-0"]
[EventDate "2022.11.27"]
[WhiteElo "2646"]
[BlackElo "2708"]
[PlyCount "70"]

1. Nf3 Nf6 2. g3 Nc6 3. c4 e5 4. d3 d5 5. cxd5 Nxd5 6. Bg2 Be7 7. O-O O-O 8. Nc3 Be6 9. Bd2 a5 10. Ne4 Nb6 11. Be3 Bd5 12. Nc3 Be6 13. Rc1 a4 14. d4 Nd5 15. Nxd5 Bxd5 16. dxe5 Bxa2 17. Qc2 Bb3 18. Qb1 Ra5 19. Bf4 h6 20. h4 Qd7 21. h5 Rd8 22. Kh2 Qg4 23. Bh3 Qxh5 24. Kg2 Be6 25. Bxe6 fxe6 26. Rh1 Qf5 27. Qa2 Bf8 28. Qc4 Qf7 29. Qe4 Qf5 30. Qc4 Qf7 31. Ra1 Nb4 32. Bd2 c5 33. Qe4 Raa8 34. g4 b5 35. Ng5 1-0

[Event "MrDodgy Invitational 3"]
[Site "chess24.com INT"]
[Date "2022.11.29"]
[Round "2.13"]
[White "Daniil Dubov"]
[Black "Rauf Mamedov"]
[Result "1-0"]
[EventDate "2022.11.27"]
[WhiteElo "2708"]
[BlackElo "2646"]
[PlyCount "46"]

1. e4 g6 2. d4 Bg7 3. Nc3 d6 4. Be3 Nf6 5. f3 a6 6. Qd2 b5 7. Bh6 O-O 8. h4 c5 9. d5 e6 10. h5 b4 11. Nce2 exd5 12. hxg6 fxg6 13. Bxg7 Kxg7 14. Qh6+ Kg8 15. Nf4 Qe7 16. O-O-O Nc6 17. Rxd5 Qg7 18. Qg5 Nxd5 19. Bc4 Qe5 20. Bxd5+ Kg7 21. Rxh7+ Kxh7 22. Qxg6+ Kh8 23. Qh6# 1-0

[Event "MrDodgy Invitational 3"]
[Site "chess24.com INT"]
[Date "2022.11.27"]
[Round "1.1"]
[White "Daniil Dubov"]
[Black "Pavel Eljanov"]
[Result "1-0"]
[EventDate "2022.11.27"]
[WhiteElo "2708"]
[BlackElo "2706"]
[PlyCount "72"]

1. e4 e5 2. Nf3 Nc6 3. Bb5 Nf6 4. d3 Bc5 5. Nc3 d6 6. Na4 Bb6 7. O-O O-O 8. c3 Ne7 9. Bc4 Ng6 10. Re1 Be6 11. b3 Re8 12. Bxe6 Rxe6 13. Nxb6 axb6 14. c4 Re8 15. Bb2 Qd7 16. a4 h6 17. g3 c5 18. Nd2 Nh7 19. Qh5 Nf6 20. Qe2 Nh7 21. Nf1 Rf8 22. Ne3 Ne7 23. Rf1 f5 24. exf5 Nxf5 25. Nd5 Rae8 26. Rae1 Ng5 27. Kh1 Ne6 28. Qg4 Qc6 29. Kg1 Ned4 30. f4 Rf7 31. fxe5 Rxe5 32. Rxe5 dxe5 33. Bxd4 Nxd4 34. Rxf7 Kxf7 35. Qh5+ Kg8 36. Ne7+ 1-0